[Event "Tournoi des pays de l'OTAN 2012"]
[Site "BREST (France)"]
[Date "2012.10.01"]
[Round "1.30"]
[White "Keough, Robert W"]
[Black "Rosseel, Kimball"]
[Result "1-0"]
[WhiteElo "2076"]
[BlackElo "1786"]
[PlyCount "87"]

1. e4 e6 2. d4 d5 3. Nc3 Nf6 4. Bg5 Be7 5. e5 Nfd7 6. Bxe7 Qxe7 7. f4 a6 8. Qd2
c5 9. Nf3 Nc6 10. dxc5 Nxc5 11. O-O-O O-O 12. Kb1 f6 13. Bd3 Bd7 14. Rhe1 b5
15. Qf2 b4 16. exf6 Rxf6 17. Nxd5 Qf8 18. Nxf6+ gxf6 19. Bc4 Kh8 20. g4 Na5 21.
Rxd7 Nxd7 22. Bxe6 Nc5 23. f5 Rd8 24. h4 Qd6 25. Qg1 Nab7 26. g5 Nxe6 27. fxe6
Qf4 28. e7 Re8 29. gxf6 Qxf6 30. Qd4 Qxd4 31. Nxd4 Kg7 32. Ne6+ Kf6 33. Nc7
Rxe7 34. Rxe7 Kxe7 35. Nxa6 h5 36. Nxb4 Ke6 37. Nd3 Kf5 38. Nf2 Kf4 39. a4 Kg3
40. Ne4+ Kxh4 41. b4 Kg4 42. a5 Nxa5 43. bxa5 h4 44. a6 1-0

[Event "Tournoi des pays de l'OTAN 2012"]
[Site "BREST (France)"]
[Date "2012.10.01"]
[Round "1.31"]
[White "Bowers, Scott"]
[Black "Narman, Gokhan"]
[Result "1-0"]
[WhiteElo "1786"]
[BlackElo "2075"]
[PlyCount "85"]

1. Nf3 Nf6 2. g3 d5 3. c4 c6 4. b3 Bg4 5. Bg2 e6 6. Bb2 Nbd7 7. d3 Be7 8. Nbd2
O-O 9. O-O a5 10. Rc1 a4 11. bxa4 Qa5 12. Rb1 Rfb8 13. h3 Bh5 14. Ne5 Qxa4 15.
g4 Bg6 16. g5 Qxd1 17. Rfxd1 Bd6 18. Nxg6 hxg6 19. gxf6 gxf6 20. e4 Rxa2 21.
exd5 exd5 22. cxd5 c5 23. Ne4 Be7 24. d6 Bd8 25. Nc3 Ra5 26. Ra1 Rxa1 27. Rxa1
Ne5 28. Nd5 Kg7 29. Be4 b5 30. f4 Nc6 31. Nxf6 Bxf6 32. Bxf6+ Kxf6 33. Bxc6 Ke6
34. d7 Kd6 35. Re1 Kxc6 36. Re8 Kxd7 37. Rxb8 b4 38. Kf2 Kc7 39. Ra8 Kc6 40.
Ke2 Kd5 41. Kd2 Ke6 42. Rc8 Kf5 43. Ke3 1-0

[Event "Tournoi des pays de l'OTAN 2012"]
[Site "BREST (France)"]
[Date "2012.10.01"]
[Round "1.32"]
[White "Soulie, Cedric"]
[Black "Echavarria Hidalgo, Fernando"]
[Result "1-0"]
[WhiteElo "2073"]
[BlackElo "1774"]
[PlyCount "63"]

1. g4 e5 2. Bg2 d5 3. c4 c6 4. cxd5 cxd5 5. Qb3 Ne7 6. Nc3 e4 7. d3 Nbc6 8.
dxe4 d4 9. Nd5 Nxd5 10. exd5 Ne5 11. h3 Qb6 12. Qxb6 axb6 13. Nf3 Nxf3+ 14.
Bxf3 Bc5 15. O-O Bd7 16. Bf4 Bb5 17. a3 Kd7 18. Rfd1 Rhe8 19. d6 Bc6 20. b4
Bxf3 21. exf3 Bxd6 22. Rxd4 Re6 23. Rad1 Rxa3 24. Rxd6+ Ke7 25. Rxe6+ fxe6 26.
Kg2 Rb3 27. Bc7 b5 28. Bd6+ Kf6 29. Rd4 g6 30. Rf4+ Kg7 31. Bf8+ Kg8 32. Bh6
1-0

[Event "Tournoi des pays de l'OTAN 2012"]
[Site "BREST (France)"]
[Date "2012.10.01"]
[Round "1.33"]
[White "Langer, Herb"]
[Black "Maciokas, Kostas"]
[Result "0-1"]
[WhiteElo "1773"]
[BlackElo "2064"]
[PlyCount "58"]

1. d4 d5 2. e3 Nf6 3. Bd3 e6 4. Nd2 c5 5. c3 b6 6. f4 Bd6 7. Ngf3 Ng4 8. Qe2 f5
9. O-O O-O 10. Ne5 Nf6 11. Ndf3 Ne4 12. Bd2 Nd7 13. Be1 Nxe5 14. Nxe5 Qe8 15.
Bb5 Qe7 16. Qh5 Nf6 17. Qh3 a6 18. Bc6 Bb7 19. Ba4 b5 20. Bc2 Qc7 21. Bh4 b4
22. Rac1 c4 23. Bb1 a5 24. Bxf6 Rxf6 25. g4 Bxe5 26. dxe5 Rg6 27. g5 h6 28. Qh5
Qf7 29. h4 Rxg5+ 0-1

[Event "Tournoi des pays de l'OTAN 2012"]
[Site "BREST (France)"]
[Date "2012.10.01"]
[Round "1.34"]
[White "Hansen, Stefan"]
[Black "Bellemare, Regis"]
[Result "1-0"]
[WhiteElo "2062"]
[BlackElo "1764"]
[PlyCount "123"]

1. d4 Nf6 2. c4 e6 3. g3 Bb4+ 4. Bd2 Bxd2+ 5. Qxd2 d5 6. Bg2 O-O 7. Nc3 dxc4 8.
Nf3 Nbd7 9. O-O Nb6 10. Rfd1 c6 11. e4 Qe7 12. a4 a5 13. Qe3 Ng4 14. Qe2 Rd8
15. e5 Nh6 16. Ne4 Nf5 17. g4 Nh4 18. Nxh4 Qxh4 19. Ra3 Nd5 20. Qf3 Rf8 21. Nd6
f6 22. Qg3 Qxg3 23. hxg3 fxe5 24. dxe5 Nb6 25. Be4 Rb8 26. Kg2 Bd7 27. Rh1 g6
28. Raa1 Kg7 29. Bc2 Be8 30. Ne4 h6 31. Rad1 Nd5 32. Nc5 Nc7 33. Rd6 Rf7 34.
Nxe6+ Nxe6 35. Rxe6 Rd7 36. Rd1 Rxd1 37. Bxd1 Kf7 38. Rd6 Ke7 39. Bc2 Rd8 40.
Rxd8 Kxd8 41. f4 Ke7 42. f5 g5 43. Kf2 b5 44. axb5 cxb5 45. Ke3 b4 46. Kd4 b3
47. Be4 Bb5 48. f6+ Ke8 49. e6 a4 50. Kc3 a3 51. bxa3 Kf8 52. Bg6 Be8 53. e7+
Kg8 54. Bxe8 b2 55. f7+ Kh7 56. Kxb2 c3+ 57. Kc1 c2 58. f8=Q h5 59. Qf7+ Kh8
60. Qf6+ Kh7 61. Bg6+ Kg8 62. e8=Q# 1-0

[Event "Tournoi des pays de l'OTAN 2012"]
[Site "BREST (France)"]
[Date "2012.10.01"]
[Round "1.35"]
[White "Stuhr, Finn"]
[Black "Zengin, Sedat"]
[Result "0-1"]
[WhiteElo "1653"]
[BlackElo "2056"]
[PlyCount "32"]
[EventDate "2012.??.??"]

1. e4 d6 2. d4 Nf6 3. Nc3 g6 4. b3 Bg7 5. Bb2 O-O 6. h3 a6 7. Qd2 b5 8. Bd3 Bb7
9. Nge2 e5 10. dxe5 dxe5 11. O-O Nxe4 12. Nxe4 Bxe4 13. Qe3 Bb7 14. Bxe5 Qd5
15. f3 Qxe5 16. Qd2 Qc5+ 0-1

[Event "Tournoi des pays de l'OTAN 2012"]
[Site "BREST (France)"]
[Date "2012.10.01"]
[Round "1.36"]
[White "Kaczorowski, Piotr"]
[Black "Ulusoy, Mustafa"]
[Result "1-0"]
[WhiteElo "2054"]
[BlackElo "1707"]
[PlyCount "105"]

1. d4 d5 2. c4 c6 3. Nc3 e6 4. Nf3 Nf6 5. Bg5 Be7 6. e3 O-O 7. Bd3 Nbd7 8. O-O
h6 9. Bh4 dxc4 10. Bxc4 Nd5 11. Bxe7 Qxe7 12. e4 Nxc3 13. bxc3 e5 14. d5 cxd5
15. Bxd5 Nf6 16. c4 Bg4 17. h3 Bxf3 18. Qxf3 Nxd5 19. cxd5 Rac8 20. Rac1 Rc5
21. Rfd1 Rxc1 22. Rxc1 f6 23. Rc4 Rd8 24. Qc3 Rd7 25. Rc8+ Kh7 26. h4 Qf7 27.
Qc5 a6 28. a4 Qe7 29. Qb6 Qf7 30. Qc5 Qe7 31. a5 Qxc5 32. Rxc5 Kg6 33. Kh2 Kf7
34. h5 Ke7 35. Kg3 Kd6 36. Rc8 Rc7 37. Rxc7 Kxc7 38. Kf3 b6 39. axb6+ Kxb6 40.
Ke3 Kc5 41. Kd3 f5 42. f3 f4 43. Kc3 Kb5 44. Kb3 Kc5 45. Ka4 Kb6 46. Kb4 a5+
47. Kc4 a4 48. Kb4 a3 49. Kxa3 Kb5 50. Kb3 Kc5 51. Ka4 Kb6 52. Kb4 Kc7 53. Kc5
1-0

[Event "Tournoi des pays de l'OTAN 2012"]
[Site "BREST (France)"]
[Date "2012.10.01"]
[Round "1.37"]
[White "Geerts, Luc"]
[Black "Toll, Alec"]
[Result "1/2-1/2"]
[WhiteElo "1596"]
[BlackElo "2054"]
[PlyCount "92"]

1. d4 e5 2. dxe5 Nc6 3. Nf3 Qe7 4. Nc3 Nxe5 5. e3 c6 6. Be2 d5 7. Nd4 Nf6 8.
Bd2 g6 9. a3 Bg7 10. Na4 Ne4 11. Nb3 Nxf2 12. Kxf2 Qh4+ 13. g3 Qxa4 14. Nd4 b5
15. b3 Qa6 16. a4 Qb7 17. axb5 c5 18. Nc6 Nxc6 19. bxc6 Qxc6 20. Ra5 O-O 21.
Kg2 Bf5 22. Rf1 Be4+ 23. Bf3 f5 24. c3 Rfd8 25. Qe2 a6 26. Bxe4 fxe4 27. Rf4
Be5 28. Rh4 Rf8 29. Be1 Bc7 30. Ra2 Qb5 31. b4 Qxe2+ 32. Rxe2 c4 33. Rg4 Rf5
34. Ra2 Kg7 35. Bd2 h5 36. Rh4 Kh6 37. Rf4 Bxf4 38. exf4 Rf6 39. Ra5 Rb8 40.
Rxd5 Rbb6 41. f5+ Kh7 42. fxg6+ Kxg6 43. Rg5+ Kf7 44. Rxh5 Ke6 45. Be3 Rd6 46.
Bd4 Rf5 1/2-1/2

[Event "Tournoi des pays de l'OTAN 2012"]
[Site "BREST (France)"]
[Date "2012.10.01"]
[Round "1.38"]
[White "Demjen, Attila"]
[Black "Vercauteren, Daniel"]
[Result "1-0"]
[WhiteElo "2053"]
[BlackElo "1642"]
[PlyCount "45"]

1. e4 c6 2. d4 d5 3. exd5 cxd5 4. c4 Nf6 5. Nc3 e6 6. a3 Nc6 7. Nf3 Be7 8. c5
Ne4 9. Bd3 Nxc5 10. dxc5 Bxc5 11. O-O f6 12. Qc2 f5 13. Bb5 O-O 14. Ne2 Qb6 15.
Bxc6 bxc6 16. b4 Bd6 17. Be3 Qc7 18. Bc5 Bb7 19. Bxd6 Qxd6 20. Qc5 Qxc5 21.
bxc5 f4 22. Rfb1 Rab8 23. Ne5 1-0

[Event "Tournoi des pays de l'OTAN 2012"]
[Site "BREST (France)"]
[Date "2012.10.01"]
[Round "1.39"]
[White "Langelier, Frederic"]
[Black "Mottais, Francois"]
[Result "0-1"]
[WhiteElo "1281"]
[BlackElo "2051"]
[PlyCount "64"]

1. c4 Nc6 2. Nc3 e5 3. g3 Nf6 4. Nf3 Bc5 5. e3 Qe7 6. Nb5 d6 7. Bg2 Bg4 8. O-O
e4 9. d4 exf3 10. Bxf3 Bxf3 11. Qxf3 Bb6 12. Bd2 Qe4 13. Qf4 Qxf4 14. gxf4 Ne4
15. Bc1 a6 16. Na3 Ne7 17. f3 Nf6 18. b4 O-O 19. d5 a5 20. Nc2 axb4 21. Nxb4
Nf5 22. Kh1 Nxe3 23. Rg1 Nxc4 24. f5 Bxg1 25. Kxg1 Rfe8 26. Nd3 Nxd5 27. Kh1
Re2 28. Bh6 gxh6 29. Rg1+ Kf8 30. Nb4 Nxb4 31. f6 Raxa2 32. h4 Rh2# 0-1

[Event "Tournoi des pays de l'OTAN 2012"]
[Site "BREST (France)"]
[Date "2012.10.01"]
[Round "1.40"]
[White "Maes, Patrick"]
[Black "Ghiacy, Jelani"]
[Result "1-0"]
[WhiteElo "2042"]
[BlackElo "1193"]
[PlyCount "65"]

1. e4 e5 2. Nc3 Nf6 3. f4 d6 4. Nf3 a6 5. Bc4 Be6 6. Bxe6 fxe6 7. fxe5 dxe5 8.
Nxe5 Bc5 9. Nf3 O-O 10. d4 Bb6 11. Bg5 Qe8 12. Qe2 Nc6 13. O-O-O Rd8 14. e5 Nd5
15. Bxd8 Nxc3 16. bxc3 Qxd8 17. Qc4 Qe7 18. h4 Na5 19. Qb4 Qf7 20. Ng5 Qf4+ 21.
Kb1 Nc6 22. Qc4 Nd8 23. Rdf1 Qg4 24. Rxf8+ Kxf8 25. Qb4+ Ke8 26. Rf1 Kd7 27.
Qf8 Kc8 28. Nf7 c6 29. Nd6+ Kb8 30. Qe7 Qxg2 31. Rf8 Bc7 32. Rxd8+ Bxd8 33.
Qxb7# 1-0

[Event "Tournoi des pays de l'OTAN 2012"]
[Site "BREST (France)"]
[Date "2012.10.02"]
[Round "2.1"]
[White "Drabke, Lorenz Maximilian"]
[Black "Kedzierski, Slawomir"]
[Result "1-0"]
[WhiteElo "2411"]
[BlackElo "2086"]
[PlyCount "133"]
[EventDate "2012.??.??"]

1. e4 c6 2. d3 d5 3. Nd2 e5 4. Ngf3 Bd6 5. d4 exd4 6. exd5 cxd5 7. Nxd4 Ne7 8.
Bd3 O-O 9. Qh5 g6 10. Qh6 Re8 11. O-O Be5 12. N2f3 Bg7 13. Qh4 Nec6 14. Bg5 f6
15. Bh6 Nxd4 16. Nxd4 Nc6 17. Bxg7 Kxg7 18. Rfe1 Bd7 19. c3 Qb6 20. Nb3 a5 21.
Qf4 Ne5 22. Bf1 a4 23. Qd4 Qxd4 24. Nxd4 Nc4 25. Bxc4 dxc4 26. a3 Rxe1+ 27.
Rxe1 Kf7 28. f3 Ra5 29. Kf2 Rh5 30. h3 Rc5 31. Re4 h5 32. h4 Rc8 33. Ke3 Rc7
34. Kf4 Rc5 35. Re2 Ra5 36. Re4 Rc5 37. Re2 Ra5 38. Re3 Rc5 39. Kg3 Rd5 40. Re4
Rc5 41. Re1 Rd5 42. Kf4 Rc5 43. g4 hxg4 44. fxg4 g5+ 45. Kg3 gxh4+ 46. Kxh4 Rg5
47. Re4 Rc5 48. Kg3 Bc8 49. Nf3 Be6 50. Re1 Bc8 51. Kf4 Rb5 52. Re2 Bd7 53. Rh2
Kg7 54. Rd2 Bc8 55. Rd8 Rc5 56. Nd2 Be6 57. Ne4 Rb5 58. Rd6 Kf7 59. Rd2 Ke7 60.
Rh2 Rb6 61. Rh7+ Bf7 62. g5 fxg5+ 63. Nxg5 Rf6+ 64. Ke5 Rf2 65. Rxf7+ Rxf7 66.
Nxf7 Kxf7 67. Ke4 1-0

[Event "Tournoi des pays de l'OTAN 2012"]
[Site "BREST (France)"]
[Date "2012.10.02"]
[Round "2.2"]
[White "Franck, Boris"]
[Black "Wantiez, Fabrice"]
[Result "0-1"]
[WhiteElo "2087"]
[BlackElo "2337"]
[PlyCount "92"]
[EventDate "2012.??.??"]

1. e4 e5 2. Nf3 Nc6 3. Bc4 g6 4. O-O Bg7 5. c3 d6 6. h3 Nf6 7. d3 O-O 8. Bb3 h6
9. Nbd2 Nh5 10. Re1 Nf4 11. Nf1 g5 12. N3h2 Kh8 13. Ng3 Qf6 14. Ng4 Qg6 15. Ne3
Ne7 16. d4 h5 17. Bc2 h4 18. Ngf5 Nc6 19. d5 Nb8 20. g3 hxg3 21. fxg3 Nh5 22.
Ne7 Qh7 23. N3f5 Bxf5 24. Nxf5 Bf6 25. Qg4 Rg8 26. Kg2 Nd7 27. Nxd6 cxd6 28.
Qxd7 Nxg3 29. Qg4 Nh5 30. Rf1 Nf4+ 31. Kh2 Rg6 32. Rf3 Rag8 33. Be3 Rh6 34. Rg1
Rh4 35. Qf5 Qxf5 36. exf5 g4 37. Rfg3 Nxh3 38. Rf1 Nf4+ 39. Kg1 Ne2+ 40. Kg2
Nxg3 41. Kxg3 Rh3+ 42. Kf2 Rh2+ 43. Kg3 Rh3+ 44. Kf2 g3+ 45. Ke2 Rh2+ 46. Kd3
e4+ 0-1

[Event "Tournoi des pays de l'OTAN 2012"]
[Site "BREST (France)"]
[Date "2012.10.02"]
[Round "2.3"]
[White "Cheung, Jan"]
[Black "Petersen, Finn"]
[Result "1/2-1/2"]
[WhiteElo "2085"]
[BlackElo "2291"]
[PlyCount "102"]
[EventDate "2012.??.??"]

1. d4 d5 2. c4 c6 3. Nf3 Nf6 4. Nc3 a6 5. c5 b5 6. cxb6 Qxb6 7. Na4 Qa7 8. Bf4
e6 9. Rc1 Bb4+ 10. Bd2 a5 11. e3 O-O 12. Be2 Ba6 13. O-O Rc8 14. a3 Bd6 15. Nc5
Bxe2 16. Qxe2 Nbd7 17. Nxd7 Qxd7 18. b4 Ne4 19. Ne5 Bxe5 20. dxe5 axb4 21. axb4
Ra2 22. Rfd1 Rb2 23. Qd3 Qc7 24. Be1 Qxe5 25. Qa6 Qc7 26. Qa3 Re2 27. Kf1 Rxe1+
28. Kxe1 Qxh2 29. Qa6 Qb8 30. b5 c5 31. Ra1 c4 32. b6 Nc5 33. Qb5 g6 34. Ra3
Kg7 35. Rb1 Qd6 36. Ra7 e5 37. Kf1 c3 38. Rc1 d4 39. b7 Rb8 40. Ra5 Nd7 41. Qd5
Qc7 42. exd4 Rxb7 43. dxe5 c2 44. Rb5 Rxb5 45. Qxb5 Nxe5 46. Qb2 Qc4+ 47. Kg1
f6 48. Rxc2 Qg4 49. Rc7+ Kh6 50. Qb3 g5 51. Rc3 Qe4 1/2-1/2

[Event "Tournoi des pays de l'OTAN 2012"]
[Site "BREST (France)"]
[Date "2012.10.02"]
[Round "2.4"]
[White "Sypien, Mateusz"]
[Black "Oltean, Gusztav"]
[Result "1-0"]
[WhiteElo "2269"]
[BlackElo "2081"]
[PlyCount "117"]
[EventDate "2012.??.??"]

1. c4 g6 2. Nc3 Bg7 3. Nf3 Nf6 4. e4 d6 5. d4 O-O 6. g3 Bg4 7. Bg2 Nc6 8. h3
Bxf3 9. Bxf3 e5 10. d5 Nd4 11. Be3 c5 12. dxc6 Nxf3+ 13. Qxf3 bxc6 14. O-O Qb8
15. Qe2 Nd7 16. Qd2 f5 17. Rad1 f4 18. Qxd6 fxe3 19. Qe6+ Kh8 20. Rxd7 exf2+
21. Rxf2 Rxf2 22. Kxf2 Qxb2+ 23. Ne2 Qb6+ 24. Kf3 Qb1 25. Rf7 Qf1+ 26. Ke3 Bh6+
27. Nf4 exf4+ 28. gxf4 Qe1+ 29. Kf3 Qc3+ 30. Kg4 Bg7 31. Kg5 Qg3+ 32. Qg4 Qxg4+
33. hxg4 c5 34. e5 a5 35. Rc7 Bf8 36. e6 Re8 37. f5 gxf5 38. gxf5 Bd6 39. Rd7
Be5 40. f6 Rf8 41. Rf7 Rxf7 42. exf7 Bd6 43. Kf5 Bf8 44. Ke6 h5 45. Kd7 h4 46.
Ke8 Bd6 47. f8=Q+ Bxf8 48. Kxf8 h3 49. Ke8 h2 50. f7 h1=Q 51. f8=Q+ Kh7 52.
Qxc5 Qa8+ 53. Kd7 Qb7+ 54. Kd6 Qe4 55. Qxa5 Qd4+ 56. Qd5 Qb6+ 57. Ke7 Qa7+ 58.
Kf6 Qa6+ 59. Qe6 1-0

[Event "Tournoi des pays de l'OTAN 2012"]
[Site "BREST (France)"]
[Date "2012.10.02"]
[Round "2.5"]
[White "Rosenkilde, Alexander"]
[Black "Keough, Robert W"]
[Result "1/2-1/2"]
[WhiteElo "2260"]
[BlackElo "2076"]
[PlyCount "116"]
[EventDate "2012.??.??"]

1. d4 Nf6 2. c4 g6 3. Nc3 Bg7 4. e4 d6 5. Nf3 O-O 6. Be2 e5 7. O-O c6 8. Qc2
exd4 9. Nxd4 Re8 10. Bg5 h6 11. Bh4 Qb6 12. Rad1 Na6 13. Rfe1 Nc5 14. Bf1 Nh5
15. Nde2 Be5 16. Kh1 Be6 17. Nd4 Bd7 18. f3 Ne6 19. Nxe6 Bxe6 20. Bf2 Qc7 21.
g3 g5 22. Ne2 Rad8 23. Nd4 Bc8 24. b4 Ng7 25. Bg2 a5 26. a3 axb4 27. axb4 d5
28. cxd5 cxd5 29. Qxc7 Bxc7 30. Nb5 Bd6 31. Nxd6 Rxd6 32. e5 Ra6 33. Rxd5 Ra2
34. Kg1 Be6 35. Rb5 Rc8 36. Bc5 Bd5 37. Rd1 Bc6 38. Ra5 Re2 39. Bd6 Nf5 40. Bh3
Ne3 41. Rc1 Rd8 42. Be7 Rdd2 43. Ra8+ Kh7 44. Rf8 Kg7 45. e6 fxe6 46. Bc5 Ra2
47. b5 Bxb5 48. Rc8 Nf5 49. g4 Nh4 50. Bd4+ e5 51. R1c7+ Kf6 52. Rf8+ Ke6 53.
Bc3 Kd6 54. Rxb7 Bc6 55. Rf6+ Kd5 56. Rb1 Rac2 57. Be1 Rxh2 58. Bxh4 gxh4
1/2-1/2

[Event "Tournoi des pays de l'OTAN 2012"]
[Site "BREST (France)"]
[Date "2012.10.02"]
[Round "2.6"]
[White "Balmaceda, Enrico"]
[Black "Giua, Frederic"]
[Result "1/2-1/2"]
[WhiteElo "2080"]
[BlackElo "2237"]
[PlyCount "122"]
[EventDate "2012.??.??"]

1. d4 Nf6 2. Nf3 e6 3. g3 d5 4. Bg2 a6 5. a4 Be7 6. O-O O-O 7. c4 c6 8. a5 Nbd7
9. Nc3 Re8 10. Bg5 h6 11. Bxf6 Nxf6 12. Qb3 Bd6 13. Rfd1 Bc7 14. Qa4 Bd7 15.
Qa2 Qe7 16. e3 Rad8 17. Nd2 Bc8 18. Qb3 h5 19. e4 dxe4 20. Ndxe4 h4 21. Nxf6+
Qxf6 22. Ne4 Qe7 23. Qa3 hxg3 24. hxg3 Qxa3 25. Rxa3 e5 26. d5 cxd5 27. cxd5 f5
28. Nc5 Bd6 29. b4 e4 30. Rc3 Kf7 31. Bf1 Kf6 32. b5 axb5 33. Bxb5 Re7 34. Rdc1
Bxc5 35. Rxc5 Bd7 36. Be2 Be8 37. Rb1 Rd6 38. f4 Bf7 39. Rb6 Red7 40. Rxd6+
Rxd6 41. Bc4 g5 42. Kf2 Rd8 43. Ke3 Rh8 44. Rb5 gxf4+ 45. gxf4 Rc8 46. Rb6+ Kg7
47. Kd4 Rc7 48. Bb5 Rc1 49. Rxb7 Rd1+ 50. Ke3 Kf6 51. Be2 Ra1 52. Rb6+ Kg7 53.
d6 Rxa5 54. Bb5 Ra8 55. d7 Rd8 56. Kd4 Kf8 57. Ke5 Ke7 58. Kxf5 e3 59. Ke4 e2
60. Bxe2 Rxd7 61. f5 Rd6 1/2-1/2

[Event "Tournoi des pays de l'OTAN 2012"]
[Site "BREST (France)"]
[Date "2012.10.02"]
[Round "2.7"]
[White "Nill, Oliver"]
[Black "Soulie, Cedric"]
[Result "1-0"]
[WhiteElo "2193"]
[BlackElo "2073"]
[PlyCount "83"]
[EventDate "2012.??.??"]

1. c4 c5 2. Nc3 Nc6 3. g3 g6 4. Bg2 Bg7 5. Nf3 Nf6 6. O-O O-O 7. d4 cxd4 8.
Nxd4 Qa5 9. Nc2 d6 10. Ne3 Qh5 11. Ned5 Bh3 12. Nf4 Qc5 13. Nxh3 Qxc4 14. Qa4
Qxa4 15. Nxa4 d5 16. Bg5 Rfd8 17. Rfd1 e6 18. e3 h6 19. Bxf6 Bxf6 20. Nf4 Rac8
21. e4 d4 22. Nd3 Ne5 23. Nxe5 Bxe5 24. Bf1 a6 25. Nb6 Rc6 26. Nc4 Bf6 27. Bd3
e5 28. Na5 Rc7 29. Rac1 Rdc8 30. Nb3 Bg5 31. Rxc7 Rxc7 32. h4 Be7 33. Rc1 Rxc1+
34. Nxc1 g5 35. hxg5 hxg5 36. Bc4 Kg7 37. Nd3 Bd6 38. b4 Kg6 39. g4 Kf6 40. a4
Ke7 41. a5 f6 42. Bd5 1-0

[Event "Tournoi des pays de l'OTAN 2012"]
[Site "BREST (France)"]
[Date "2012.10.02"]
[Round "2.8"]
[White "Bohn, Ulrich"]
[Black "Hansen, Stefan"]
[Result "1/2-1/2"]
[WhiteElo "2184"]
[BlackElo "2062"]
[PlyCount "23"]
[EventDate "2012.??.??"]

1. e4 c6 2. d4 d5 3. exd5 cxd5 4. c4 Nf6 5. Nc3 Nc6 6. Nf3 Bg4 7. cxd5 Nxd5 8.
Be2 e6 9. O-O Be7 10. h3 Bh5 11. Qb3 O-O 12. Nxd5 1/2-1/2

[Event "Tournoi des pays de l'OTAN 2012"]
[Site "BREST (France)"]
[Date "2012.10.02"]
[Round "2.9"]
[White "Maciokas, Kostas"]
[Black "Sirch, Franz"]
[Result "0-1"]
[WhiteElo "2064"]
[BlackElo "2173"]
[PlyCount "77"]
[EventDate "2012.??.??"]

1. d4 Nf6 2. c4 c5 3. d5 a6 4. a4 e6 5. Nc3 d6 6. e4 Be7 7. Bd3 O-O 8. Nge2
exd5 9. exd5 Nbd7 10. f4 b6 11. Ng3 Ne8 12. O-O Nc7 13. Qc2 h6 14. Nf5 Nf6 15.
b3 Re8 16. Bb2 Bf8 17. Rae1 b5 18. Ne4 Nxe4 19. Bxe4 Bxf5 20. Bxf5 bxc4 21.
bxc4 a5 22. Bc3 Na6 23. Rxe8 Qxe8 24. Re1 Qd8 25. Re3 Nb4 26. Qe4 Ra7 27. Bh7+
Kh8 28. Rh3 Re7 29. Qb1 Qe8 30. Rxh6 Re1+ 31. Bxe1 gxh6 32. Bc3+ Bg7 33. Bxg7+
Kxg7 34. Be4 Qxa4 35. Qb2+ f6 36. h3 Qa2 37. Qc3 Qe2 38. Qg3+ Kf8 39. Qg6 0-1

[Event "Tournoi des pays de l'OTAN 2012"]
[Site "BREST (France)"]
[Date "2012.10.02"]
[Round "2.10"]
[White "Papista, Akos"]
[Black "Kaczorowski, Piotr"]
[Result "0-1"]
[WhiteElo "2159"]
[BlackElo "2054"]
[PlyCount "112"]
[EventDate "2012.??.??"]

1. e4 c5 2. Nf3 g6 3. d4 cxd4 4. Nxd4 Bg7 5. Nc3 Nc6 6. Be3 Nf6 7. Nb3 d6 8.
Be2 O-O 9. O-O Be6 10. f4 Na5 11. f5 Bc4 12. Bd3 Bxd3 13. cxd3 Nxb3 14. axb3 a6
15. Qe2 e6 16. g4 Nd7 17. g5 gxf5 18. exf5 Bxc3 19. bxc3 exf5 20. Bd4 Ne5 21.
Rxf5 Qd7 22. Raf1 Rae8 23. Qh5 Re6 24. h4 Qe8 25. Rf6 Rxf6 26. gxf6 Kh8 27.
Bxe5 dxe5 28. Qh6 Rg8+ 29. Kh2 Rg6 30. Qe3 Qe6 31. d4 e4 32. Rf4 Qxb3 33. h5
Rg8 34. Rxe4 Qc2+ 35. Qe2 Qxc3 36. Rg4 Qc7+ 37. Kh1 Qc6+ 38. Kh2 Qxf6 39. Rxg8+
Kxg8 40. Qg2+ Kf8 41. Qe4 h6 42. d5 Qd6+ 43. Kg2 b5 44. Qf5 b4 45. Kf3 Ke7 46.
Qe4+ Kd8 47. Qf5 Qe7 48. Qf4 Qb7 49. Qd6+ Ke8 50. Qe5+ Kd7 51. Qf5+ Kd6 52. Ke4
Qe7+ 53. Kd4 Qh4+ 54. Kd3 Qg3+ 55. Ke4 Qg2+ 56. Kd4 Qd2+ 0-1

[Event "Tournoi des pays de l'OTAN 2012"]
[Site "BREST (France)"]
[Date "2012.10.02"]
[Round "2.11"]
[White "Michalski, Daniel"]
[Black "Demjen, Attila"]
[Result "1-0"]
[WhiteElo "2154"]
[BlackElo "2053"]
[PlyCount "130"]
[EventDate "2012.??.??"]

1. d4 d5 2. Nf3 e6 3. c4 dxc4 4. Qa4+ c6 5. Qxc4 Nd7 6. g3 Ngf6 7. Bg2 Be7 8.
O-O O-O 9. Rd1 Qa5 10. Bf4 Nd5 11. Bd2 N7b6 12. Qb3 Qa4 13. Qxa4 Nxa4 14. b3
Nab6 15. e4 Nb4 16. a3 Na6 17. Nc3 Nc7 18. Be3 Nd7 19. Nd2 Nf6 20. Nc4 b6 21.
Bf4 Nb5 22. Nxb5 cxb5 23. Nd6 Bxd6 24. Bxd6 Re8 25. Rac1 Bb7 26. f3 Rac8 27.
Bf1 a6 28. Bc7 Nd7 29. Kf2 Kf8 30. Bd6+ Kg8 31. Bh3 Rxc1 32. Rxc1 Rc8 33. Rc7
Rxc7 34. Bxc7 Kf8 35. d5 Ke7 36. d6+ Kf6 37. Bf1 Ke5 38. Ke3 f5 39. f4+ Kf6 40.
e5+ Kf7 41. Be2 Bd5 42. b4 g6 43. g4 fxg4 44. Bxg4 Bc6 45. Be2 Bb7 46. Bd3 Bc6
47. Kf2 Bb7 48. Kg3 Kg7 49. Kg4 h6 50. Bd8 Bc6 51. Bc2 Kf7 52. h4 Bd5 53. h5
gxh5+ 54. Kxh5 Kg7 55. Kh4 Kf7 56. Bd1 Be4 57. Bg4 Bc6 58. Kh5 Nf8 59. Kxh6 Be4
60. Bxb6 Nd7 61. Bd8 Bd5 62. Bh5+ Kg8 63. Kg5 Bc6 64. Bf6 Be4 65. Bg4 Bd5 1-0

[Event "Tournoi des pays de l'OTAN 2012"]
[Site "BREST (France)"]
[Date "2012.10.02"]
[Round "2.12"]
[White "Mottais, Francois"]
[Black "Alaslar, Devrim"]
[Result "1/2-1/2"]
[WhiteElo "2051"]
[BlackElo "2153"]
[PlyCount "68"]
[EventDate "2012.??.??"]

1. d4 f5 2. Nf3 Nf6 3. Bg5 e6 4. Nbd2 Be7 5. e3 O-O 6. Bd3 d5 7. Bxf6 Bxf6 8.
h4 c5 9. c3 c4 10. Bc2 Nc6 11. g4 fxg4 12. Ng5 Bxg5 13. hxg5 Qxg5 14. Bxh7+ Kf7
15. Rg1 e5 16. Qf3+ gxf3 17. Rxg5 Rh8 18. Bg6+ Kf6 19. Rg1 e4 20. Bxe4 dxe4 21.
Nxe4+ Kf7 22. Ng5+ Kf6 23. Ne4+ Kf7 24. Ng5+ Kf8 25. Nxf3 Bf5 26. O-O-O Re8 27.
Ng5 b5 28. Rde1 Rh4 29. f3 Rh2 30. e4 Bd7 31. Rh1 Rg2 32. Reg1 Rxg1+ 33. Rxg1
Rb8 34. f4 b4 1/2-1/2

[Event "Tournoi des pays de l'OTAN 2012"]
[Site "BREST (France)"]
[Date "2012.10.02"]
[Round "2.13"]
[White "Zengin, Sedat"]
[Black "Nielsen, Jan Mose"]
[Result "0-1"]
[WhiteElo "2056"]
[BlackElo "2122"]
[PlyCount "74"]
[EventDate "2012.??.??"]

1. e4 e5 2. Nf3 Nc6 3. Bb5 a6 4. Ba4 Nf6 5. Qe2 b5 6. Bb3 Be7 7. O-O O-O 8. d4
d5 9. dxe5 Nxe4 10. Rd1 Be6 11. c3 Nc5 12. Bc2 Bg4 13. b4 Ne6 14. Qd3 g6 15.
Qxd5 Qxd5 16. Rxd5 Rad8 17. Rxd8 Rxd8 18. Nbd2 Nf4 19. Kf1 Nd3 20. h3 Bf5 21.
g4 Be6 22. a4 Ncxe5 23. Nxe5 Nxe5 24. axb5 axb5 25. Ra7 Bg5 26. Ke2 Nc4 27. Bd3
Nxd2 28. Rxc7 Re8 29. Kd1 Bb3+ 30. Bc2 Rd8 31. Bxb3 Nxb3+ 32. Kc2 Nxc1 33. Rc5
Bf4 34. Rxb5 Rd2+ 35. Kb1 Nb3 36. c4 Rxf2 37. Rd5 Bc1 0-1

[Event "Tournoi des pays de l'OTAN 2012"]
[Site "BREST (France)"]
[Date "2012.10.02"]
[Round "2.14"]
[White "Bieluszewski, Piotr"]
[Black "Maes, Patrick"]
[Result "1-0"]
[WhiteElo "2107"]
[BlackElo "2042"]
[PlyCount "61"]
[EventDate "2012.??.??"]

1. e4 g6 2. d4 Bg7 3. Nc3 d6 4. Nf3 a6 5. a4 b6 6. Be2 Bb7 7. O-O Nd7 8. Re1 e6
9. Bf1 Ne7 10. Rb1 O-O 11. b4 c5 12. bxc5 dxc5 13. Be3 Qc7 14. Rb3 Rfd8 15. Qb1
cxd4 16. Bxd4 Bxd4 17. Nxd4 Rac8 18. Re3 Nc5 19. Rb4 Rd6 20. Ncb5 axb5 21. Nxb5
Qd7 22. Nxd6 Qxd6 23. Rxb6 Bc6 24. Qb4 Qe5 25. f4 Qxf4 26. Qxc5 Bb5 27. Rf3
Qxf3 28. Qxc8+ Nxc8 29. gxf3 Bxf1 30. Rc6 Ne7 31. Rc7 1-0

[Event "Tournoi des pays de l'OTAN 2012"]
[Site "BREST (France)"]
[Date "2012.10.02"]
[Round "2.15"]
[White "Kaygisiz, Ozgur Can"]
[Black "Onley, E J David"]
[Result "0-1"]
[WhiteElo "1899"]
[BlackElo "2107"]
[PlyCount "72"]
[EventDate "2012.??.??"]

1. e4 c5 2. Nf3 e6 3. d4 cxd4 4. Nxd4 Nc6 5. Nc3 a6 6. Nxc6 bxc6 7. Bf4 d5 8.
Bd3 Ne7 9. O-O Ng6 10. Bg3 Bd6 11. exd5 cxd5 12. Qh5 O-O 13. Rad1 f5 14. Bxd6
Qxd6 15. Ne2 Rb8 16. b3 Rb4 17. c4 a5 18. f4 Bb7 19. Kh1 a4 20. cxd5 axb3 21.
axb3 Qxd5 22. Rg1 Qxb3 23. Rb1 Qa3 24. Rxb4 Qxb4 25. h3 Nxf4 26. Nxf4 Qxf4 27.
Qe2 Bd5 28. Rf1 Qg3 29. Rc1 Qxh3+ 30. Kg1 Qg3 31. Bb5 Kh8 32. Bd7 Bxg2 33. Qxg2
Qe3+ 34. Kh2 Qxc1 35. Bxe6 Rd8 36. Bd7 Qc7+ 0-1